Formuvannja strukturi dochodiv i vitrat viščich navčaľnich zakladiv Poľšči i Slovaččini

Salvato in:
Dettagli Bibliografici
Autore principale: Dubrovina, V. A.
Altri autori: Beňová, E., Neubauerová, Erika, 1968-
Natura: Capitolo di libro
Lingua:ucraino
Tags: Aggiungi Tag
Nessun Tag, puoi essere il primo ad aggiungerne!!

MARC

LEADER 00000naa$a2200000$$$4500
001 0166513
005 20240502083408.0
041 0 |a ukr 
044 |a UA 
245 1 0 |a Formuvannja strukturi dochodiv i vitrat viščich navčaľnich zakladiv Poľšči i Slovaččini  |c V. A. Dubrovina, E. Beňová, Erika Neubauerová 
100 1 |a Dubrovina, V. A. 
700 1 |a Beňová, E. 
700 1 |a Neubauerová, Erika, 1968-